[Event "Nikolaev zt"]
[Site "Nikolaev"]
[Date "1995.??.??"]
[Round "2"]
[White "Rogozenco, Dorian"]
[Black "Novikov, Igor A"]
[Result "1/2-1/2"]
[WhiteElo "2440"]
[BlackElo "2590"]
[Annotator "Ftacnik,L"]
[PlyCount "59"]
[EventDate "1995.03.??"]
[EventType "swiss"]
[EventRounds "11"]
[EventCountry "UKR"]
[SourceTitle "CBM 047"]
[Source "ChessBase"]
[SourceDate "1995.08.01"]
[SourceVersion "1"]
[SourceVersionDate "1995.08.01"]
[SourceQuality "1"]

1. d4 d5 2. c4 e6 3. Nc3 c6 4. Nf3 Nf6 5. e3 Nbd7 6. Qc2 Bd6 7. Be2 O-O 8. O-O
Qe7 9. e4 dxe4 10. Nxe4 Nxe4 11. Qxe4 e5 12. Bg5 Nf6 (12... f6 $2 13. Bd3 (13.
Be3 g6 14. c5 exd4 15. Qxe7 Bxe7 16. Bh6 Rd8 17. Bc4+ Kh8 18. b4 Ne5 19. Rfe1
Nxf3+ 20. gxf3 Bf8 21. Bxf8 Rxf8 22. Rad1 a5 23. b5 cxb5 24. Bxb5 {Miles,A-Qi,
J/Beijing op (05)/1993/0.5 (53)}) 13... g6 14. Bh6 f5 15. Bxf8 Kxf8 16. Qe3 e4
17. c5 Nxc5 18. dxc5 Bxc5 19. Qc1 Be6 20. Bc4 exf3 21. Bxe6 {Huebner,
R-Gurevich,M/Muenchen/1992/1-0 (21)}) (12... Qe6 $1 13. c5 Bc7 14. Bd3 (14.
Rfe1 h6 15. Bd3 f5 16. Qe2 Kh8 17. Bc4 Qe8 18. Bf4 Ba5 19. Nd2 Qd8 20. dxe5
Nxc5 21. e6 Bxe6 22. Bxe6 Nd3 23. Be3 f4 24. Bd4 {Kharlamov,Vl-Bashkov,V/
Czestochowa op (05)/1992/0-1 (29)}) 14... Qg6 $8 15. Qe3 exd4 $1 16. Qxd4 Qh5
$10 {Vilela,J-Lugo,B/La Habana/1988/}) (12... Qe8 13. Qh4 f6 14. c5 e4 15. cxd6
Nb6 16. Bf4 exf3 17. Bd3 g6 18. Rfe1 Be6 19. Bh6 Qd7 20. Bxf8 Rxf8 21. Qg3 Kf7
22. Re4 fxg2 23. Rae1 Re8 24. Rh4 {Savon,V-Dragomarezkij,E/Alushta3/1993/1-0 
(27)}) 13. Bxf6 gxf6 14. c5 (14. dxe5 fxe5 15. c5 Bxc5 (15... Bc7 16. Bc4 Be6
17. Rfe1 Rae8 18. Nxe5 Qxc5 19. Bxe6 Bxe5 20. Qxe5 Qxe5 21. Rxe5 Rxe6 22. Rxe6
fxe6 23. Rd1 Rf7 24. Rd6 {Telljohann,S-Polgar,Zso/Muenster (08)/1994/0.5 (42)})
16. Bc4 Kg7 $5 17. Nxe5 f6 18. Bd3 Rh8 19. Nc4 $1 Qxe4 20. Bxe4 Rd8 21. Rac1 $1
f5 22. Bf3 Kf6 23. a3 a5 24. Nxa5 $1 {Gurevich,M-Bareev,E/Muenchen/1993/0.5 
(27)}) 14... exd4 15. Qh4 (15. Qc2 Bxc5 16. Bd3 Bb6 17. Rfe1 Qd6 18. Re4 Bf5
19. Rxd4 Bxd4 20. Bxf5 Rfe8 21. Qd3 Rad8 22. Bxh7+ Kg7 23. Rd1 Qf4 24. Qc2 {
Kaliksteyn,A-Leveille,F/New York Enhance (01)/1993/0-1 (30)}) 15... Bxc5 (15...
Qxe2 $6 16. cxd6 d3 17. Qd4 $16) (15... Bxh2+ 16. Kxh2 Qxe2 17. Qxf6 $16) 16.
Rae1 (16. Bd3 f5) 16... Bf5 (16... f5 $4 17. Ng5 f6 18. Bc4+) 17. b4 Bxb4 (
17... Bb6 18. Bd3 Qd7 19. Bxf5 Qxf5 20. Re4 d3 21. Rf4 Qe6 22. Rxf6 $13) 18.
Bd3 Qd7 19. Bxf5 Qxf5 20. Re4 $1 h5 (20... c5 21. Rf4 Qe6 22. Rxf6 Qxa2 23. Ng5
Qc2 24. Qg3 Kg7 25. Nxh7+ Kxh7 26. Qh4+ Kg7 27. Qh6+ Kg8 28. Qg5+) 21. Nxd4 Qg5
22. Qh3 Rfe8 (22... c5 23. Nf5 $40 Rfe8 24. Rh4 Re1 25. f4 $18) 23. Rh4 Rad8 (
23... Re5 $2 24. f4 Re3 25. Qxe3 Qxh4 26. Nf5 $18) 24. Nf3 (24. Rxh5 Qxh5 (
24... Qg7 $2 25. Nf5 $18) 25. Qxh5 Rxd4 $13) (24. Nf5 Re1 $1 25. Rxe1 Bxe1 26.
Rxh5 Bxf2+ $1 27. Kxf2 Qd2+ 28. Kf1 Qd1+ 29. Kf2 Rd2+ 30. Ke3 Rd3+ $19) 24...
Qb5 25. g4 (25. Rxh5 $2 Qxf1+ $1 26. Kxf1 Rd1+) 25... Rd5 26. Nd4 Qc4 27. Nf5
Rd3 28. Ne3 (28. Qg2 Qd5 29. f3 $140 Rd2 30. Qg3 Qe5 $17) (28. Ng3 Bf8 29. Rxh5
Bg7 $17) 28... Rexe3 (28... Rdxe3 29. fxe3 Re4 30. Rxh5 Rxg4+ 31. Kh1 Qe4+ 32.
Qf3) 29. fxe3 Rxe3 30. gxh5 $1 (30. gxh5 $1 Rxh3 (30... Qc5 $2 31. Qg4+ Kh8 32.
Qxb4 Rg3+ 33. Kh1 Qd5+ 34. Qe4 $18) 31. Rxc4 Ba5 (31... Bd6 32. Rb1) 32. Rf5
Bc7) (30. Qxe3 $2 Bc5 $19) 1/2-1/2

[Event "Nikolaev zt"]
[Site "Nikolaev"]
[Date "1995.??.??"]
[Round "5"]
[White "Malaniuk, Vladimir P"]
[Black "Stripunsky, Alexander"]
[Result "1-0"]
[WhiteElo "2615"]
[BlackElo "2495"]
[Annotator "Ftacnik,L"]
[PlyCount "59"]
[EventDate "1995.03.??"]
[EventType "swiss"]
[EventRounds "11"]
[EventCountry "UKR"]
[SourceTitle "CBM 047"]
[Source "ChessBase"]
[SourceDate "1995.08.01"]
[SourceVersion "1"]
[SourceVersionDate "1995.08.01"]
[SourceQuality "1"]

1. d4 d5 2. c4 c6 3. e3 Nf6 4. Nc3 e6 5. Nf3 Nbd7 6. Qc2 Bd6 7. a3 $5 O-O 8. b4
a6 (8... Qe7 9. Be2 (9. Bb2 e5 10. cxd5 cxd5 11. dxe5 Nxe5 12. Nb5 Nxf3+ 13.
gxf3 Be5 14. Nd4 a5 15. b5 Bd7 16. Bd3 Rfc8 17. Qe2 Re8 18. h4 Nh5 19. Kf1 Qf6
20. Qd1 g6 21. Be2 Rac8 22. f4 Bxf4 23. exf4 Nxf4 24. Qd2 {Dao Thien Hai-Prie,
E/Budapest ExpFS OctGM (04)/1993/1-0 (37)}) 9... dxc4 10. Bxc4 e5 11. Bb2 e4
12. Nd2 Nb6 13. Be2 Re8 14. h3 Nbd5 15. Na4 Bf5 16. g4 Bg6 17. Nc4 Rad8 18. Nc5
b6 19. Nb3 Bb8 20. Ne5 Bxe5 21. dxe5 Nd7 22. e6 fxe6 23. h4 c5 24. h5 {Dao
Thien Hai-Lukacs,P/Budapest Elekes (04)/1993/0-1 (45)}) (8... dxc4 9. Bxc4 e5
10. O-O Qe7 11. Be2 Re8 12. Bb2 e4 13. Nd2 Nf8 (13... Nb6 14. Rfe1 Bf5 15. Nf1
h5 16. b5 cxb5 17. Nxb5 Rac8 18. Qd2 Nc4 19. Bxc4 Rxc4 20. Rec1 Rxc1 21. Rxc1 {
Dao Thien Hai-Lukacs,P/Budapest FS FebGM (05)/1994/0.5 (21)}) 14. Nc4 Bb8 15.
b5 Ng4 16. h3 Nh2 17. Rfc1 Qh4 18. Ne5 Bxe5 19. dxe5 Nf3+ 20. Bxf3 exf3 21. Qe4
Qg5 22. Qxf3 Qxe5 23. bxc6 bxc6 24. Na4 {Dao Thien Hai-Halasz,T/HUN-chT1 9394/
1994/0.5 (39)}) (8... a5 9. b5 c5 10. cxd5 exd5 11. Be2 b6 12. Bb2 Bb7 13. O-O
Rc8 14. Rfd1 Qe7 15. Qb3 h6 16. Qa2 Qe6 17. h3 Bb8 18. Rac1 c4 19. Nd2 Qd6 20.
Nf1 Nh7 21. a4 Qe6 22. Ba3 Rfe8 23. e4 dxe4 24. Ne3 {Dao Thien Hai-Polgar,Zso/
Muenster (07)/1994/0.5 (88)}) (8... e5 9. cxd5 cxd5 10. Nb5 Bb8 11. dxe5 Nxe5
12. Bb2 Re8 (12... Qe7 13. Rc1 Nxf3+ 14. gxf3 Be5 15. Bxe5 Qxe5 16. Qc3 Qh5 17.
Nd6 Be6 18. Be2 b6 19. Qd4 Rfd8 20. Nb5 Rac8 21. Rxc8 Rxc8 22. Kd2 Bf5 23. Nc3
Bg6 24. Rc1 {Dao Thien Hai-Kasimdzhanov,R/Bratislava WchJM-U16 (05)/1993/0.5 
(32)}) 13. Rc1 Nc6 14. Nbd4 Nxd4 15. Bxd4 Ne4 16. Be2 Bd6 17. Qb2 Bf8 18. O-O
Be6 19. Rfd1 a5 20. b5 Qd6 21. a4 Rec8 22. Qa1 f6 23. Bb2 Rxc1 24. Rxc1 {
Malaniuk,V-Makarov,M/URS-ch58 (06)/1991/1-0 (64)}) 9. Bb2 e5 10. Nxd5 $5 (10.
dxe5 Nxe5) 10... cxd5 (10... Nxd5 11. cxd5 cxd5 12. dxe5 $16) 11. dxe5 Nxe5 12.
Nxe5 Qe7 13. Nf3 dxc4 (13... a5 14. c5 Bc7 15. Bd3 $16) 14. Qxc4 (14. Bxc4 b5
15. Be2 Bb7 16. O-O $14) 14... Bg4 15. Be2 Rac8 16. Qd3 (16. Qd4 Rfd8) 16...
Rfd8 17. Nd4 Bb8 (17... Bxe2 18. Qxe2 $16) (17... Bxb4+ 18. axb4 Qxb4+ 19. Qd2
Qxd2+ 20. Kxd2 Ne4+ 21. Ke1 $18) 18. O-O Qe5 19. g3 Qh5 20. Rfc1 (20. f3 Qh3
21. Rf2 Be6 $132) 20... Bxe2 (20... Rxc1+ 21. Rxc1 Rxd4 $2 22. Qxd4 Bxe2 23.
Qd8+) 21. Qxe2 Ng4 22. h4 Qg6 23. Qf3 Rxc1+ 24. Rxc1 Be5 (24... Ne5 25. Qxb7
Nd3 26. Rc8 $18) 25. Nf5 $1 Kh8 (25... Bxb2 26. Ne7+ Kh8 27. Nxg6+ hxg6 28. Rb1
$18) 26. Ne7 Qe6 (26... Qd3 27. Bxe5 Nxe5 28. Qxb7 $18) 27. Bxe5 Nxe5 28. Qxb7
Nd7 29. Nc6 Rb8 $4 (29... Re8 30. Rd1 $18) 30. Nxb8 1-0

[Event "Elenite"]
[Site "Elenite"]
[Date "1994.??.??"]
[Round "3"]
[White "Epishin, Vladimir"]
[Black "Georgiev, Kiril"]
[Result "0-1"]
[WhiteElo "2650"]
[BlackElo "2615"]
[Annotator "Ftacnik,L"]
[PlyCount "50"]
[EventDate "1994.??.??"]
[EventType "tourn"]
[EventRounds "9"]
[EventCountry "BUL"]
[EventCategory "15"]
[SourceTitle "CBM 044"]
[Source "ChessBase"]
[SourceDate "1995.02.01"]
[SourceVersion "1"]
[SourceVersionDate "1995.02.01"]
[SourceQuality "1"]

1. d4 d5 2. c4 c6 3. Nc3 Nf6 4. e3 e6 5. Nf3 Nbd7 6. Qc2 Bd6 7. Be2 O-O 8. O-O
Re8 9. Rd1 Qe7 10. a3 b6 11. e4 e5 (11... Nxe4 12. Nxe4 dxe4 13. Qxe4 Bb7 14.
Bd3 (14. Ne5 Nf6 15. Qh4 Nd7 16. Qe4 Nf6 17. Qh4 {Savon,V-Bykhovsky,Av/Kurgan/
1993/0.5 (17)}) 14... f5 15. Qe2 c5 16. Bc2 Rad8 17. dxc5 Nxc5 18. Be3 Qf6 19.
Bxc5 bxc5 20. Ba4 Rf8 21. Re1 Be4 22. Bc2 Bxf3 23. Qxf3 Qxb2 24. Qe2 $15 {
Bezold,M-Bykhovsky,Av/Tel Aviv ASA (2)/1994/0.5 (64)}) 12. cxd5 cxd5 (12...
exd4 13. Nxd4 cxd5 14. Nf5 $16) 13. Bb5 Bb7 $5 (13... dxe4 14. Nxe4 $14) (13...
exd4 14. Nxd5 Qxe4 15. Nxf6+ Nxf6 16. Qxe4 Rxe4 17. Bc6 $16) 14. Bg5 (14. dxe5
Nxe5 15. Bxe8 (15. Nxe5 Qxe5 16. f4 Bc5+ 17. Kh1 Qh5 18. Bxe8 Ng4 $40) 15...
Nxf3+ 16. gxf3 Rxe8 $36) 14... dxe4 15. Bxf6 (15. Nxe5 Nxe5 16. Bxe8 Rxe8 (
16... Neg4 $13) 17. dxe5 Qxe5 18. g3 Qxg5 19. Rxd6 e3 $132) 15... Nxf6 16. dxe5
exf3 (16... Bxe5 17. Nxe5 Qxe5 18. Bxe8 Ng4 (18... Rxe8 19. Qe2 $14) 19. Bxf7+
Kxf7 20. Rd7+ $16) 17. exd6 Qe6 18. Qa4 $1 (18. Bxe8 $2 Qg4 19. Bxf7+ Kxf7 20.
Kf1 Re8 $19) 18... Red8 19. Qf4 fxg2 20. Rd4 Rac8 (20... Nd5 21. Nxd5 Bxd5 22.
Rad1 Bb3 23. R1d2 $14) 21. Rad1 Rc5 22. Bc4 Qe5 23. Qd2 (23. Qxe5 Rxe5 24. R4d3
(24. Nd5 $6 Nxd5 25. Bxd5 Bxd5 26. Rxd5 Rxd5 27. Rxd5 f6 28. Kxg2 Kf7 $17)
24... Kf8 25. f3 $13) 23... h6 24. Re1 Qh5 (24... Qxh2+ $2 25. Kxh2 Rh5+ 26.
Kg3 Rg5+ 27. Qxg5 hxg5 28. f3 $18) 25. Re7 $2 (25. Bxf7+ $5 Qxf7 26. Re7 Qh5 (
26... Rxd6 27. Rxf7 Rxd4 28. Rxg7+ Kxg7 29. Qxd4 $16) 27. Rxb7 Ng4 28. Qf4 $1)
25... Qxh2+ $1 (25... Qxh2+ 26. Kxh2 Rh5+ $19) 0-1

[Event "Baden-Baden"]
[Site "Baden-Baden"]
[Date "1992.12.15"]
[Round "10"]
[White "Karpov, Anatoly"]
[Black "Knaak, Rainer"]
[Result "1-0"]
[WhiteElo "2715"]
[BlackElo "2525"]
[Annotator "Ftacnik,L"]
[PlyCount "123"]
[EventDate "1992.12.??"]
[EventType "tourn"]
[EventRounds "11"]
[EventCountry "GER"]
[EventCategory "14"]
[SourceTitle "CBM 033"]
[Source "ChessBase"]
[SourceDate "1993.04.01"]
[SourceVersion "1"]
[SourceVersionDate "1993.04.01"]
[SourceQuality "1"]

1. d4 d5 2. c4 e6 3. Nc3 c6 4. e3 Nf6 5. Nf3 Nbd7 6. Qc2 Bd6 7. b3 O-O 8. Be2
dxc4 9. bxc4 e5 10. O-O Re8 11. Rd1 Qe7 12. Rb1 e4 13. Nd2 Nf8 14. c5 (14. Nf1
h5 $132) 14... Bc7 15. Nc4 Ng4 $2 (15... Nd5 $1) 16. h3 Nf6 (16... Nxf2 17.
Kxf2 Qh4+ 18. Kg1 Bxh3 19. gxh3 $1 Qg3+ (19... Re6 20. Bg4) 20. Kf1 Re6 21.
Nxe4 $16) (16... Bh2+ 17. Kh1 $1 Nxf2+ 18. Kxh2 Qh4 19. Bf1 $16) 17. Ba3 Nd5 $6
(17... Ng6 18. Nd6 Bxd6 19. cxd6 Qe6 $14) 18. Nd6 (18. Nxd5 $1 cxd5 19. c6 Qh4
(19... Qg5 20. cxb7 Bxh3 21. Bf1) (19... Qe6 20. cxb7 Bxb7 21. Rxb7 Rec8 22.
Qa4 $16) 20. cxb7 Bxh3 21. Nd6 Bxg2 22. Kxg2 Re6 23. Rg1 $18) 18... Bxd6 19.
cxd6 Qg5 20. Nxe4 $1 Nxe3 $1 (20... Rxe4 21. Qxe4 Bf5 22. Qf3 Nc3 23. Rb2) (
20... Bf5 21. Nxg5 Bxc2 22. Rxb7 Bxd1 23. Bxd1 Rab8 24. Rxb8 Rxb8 25. Bb3 $16)
21. Nxg5 Nxc2 22. Bc4 Ne6 (22... Nxa3 23. Bxf7+ Kh8 24. Bxe8 Nxb1 25. Rxb1 Bf5
26. Re1 $16) 23. Bxe6 Bxe6 24. Nxe6 Rxe6 25. Bc5 b6 26. Rb2 $1 (26. Rd2 bxc5
27. dxc5 Na3 $1 28. d7 Nxb1 29. d8=Q+ Re8 $13) 26... bxc5 27. dxc5 $1 Re1+ $1 (
27... Na3 28. d7 Rd8 29. Rb8 $1 Rxb8 30. d8=Q+ Re8 31. Qd7 $18) 28. Rxe1 Nxe1
29. Rd2 Kf8 30. Kf1 Re8 31. d7 Rd8 32. Kxe1 Ke7 33. Rd6 Rxd7 34. Rxc6 Rd5 $1
35. Rc7+ Rd7 $1 36. Rc6 Rd5 37. Ra6 Rxc5 $1 (37... Rd7 $2 38. Ke2 Rc7 39. Kd3
Kd7 40. Kc4 $18) 38. Rxa7+ Kf6 (38... Kf8 39. Ra8+ Ke7 40. Ra3 $1 Rc2 41. Re3+
Kd6 42. a3 {cf. game}) 39. Ra3 $1 g5 $2 (39... h5 $10) (39... Rc2 40. Rf3+ Ke6
41. a3 {/\ Ke1-d1}) 40. Kd2 Kg6 41. Rc3 Ra5 42. a3 h5 43. Kc2 Ra8 44. Kb3 Rb8+
45. Ka2 Ra8 46. Rc4 f5 (46... Re8 47. Rb4 Re2+ 48. Rb2 Re4 49. Kb3 $18) 47. a4
Kf6 48. Ka3 Ke5 49. Rc5+ Ke4 50. a5 h4 51. Ka4 Kf4 52. Rc4+ (52. Kb5 $6 Rb8+
53. Kc6 Rb2 54. a6 Rxf2 55. Ra5 Rc2+ 56. Kb6 Rc8 57. Kb7 Rh8 58. a7 Kg3 $132)
52... Ke5 53. Rb4 Kd5 54. Rb5+ Ke4 55. Rb6 Kf4 56. a6 g4 57. Ka5 $1 g3 (57...
gxh3 58. Rb4+ Ke5 59. gxh3 $18) 58. Rb4+ Ke5 59. f3 f4 60. Re4+ Kf5 61. Re2 Kf6
62. Kb6 (62. Kb6 Rb8+ 63. Kc7 Rf8 (63... Rb1 64. Ra2 Rc1+ 65. Kd6 Rc8 66. a7
Ra8 67. Ra5 $18) 64. a7 Rf7+ 65. Kb6 Rf8 66. Kb7 Rf7+ 67. Ka6 Rf8 68. Rb2 $18)
1-0

[Event "Munich SKA"]
[Site "Munich"]
[Date "1993.??.??"]
[Round "7"]
[White "Gurevich, Mikhail"]
[Black "Bareev, Evgeny"]
[Result "1/2-1/2"]
[WhiteElo "2610"]
[BlackElo "2670"]
[Annotator "Ftacnik,L"]
[PlyCount "53"]
[EventDate "1993.05.??"]
[EventType "tourn"]
[EventRounds "11"]
[EventCountry "GER"]
[EventCategory "16"]
[SourceTitle "CBM 036"]
[Source "ChessBase"]
[SourceDate "1993.10.01"]
[SourceVersion "1"]
[SourceVersionDate "1993.10.01"]
[SourceQuality "1"]

1. d4 d5 2. c4 c6 3. Nc3 Nf6 4. e3 e6 5. Nf3 Nbd7 6. Qc2 Bd6 7. Be2 O-O 8. O-O
Qe7 9. e4 Nxe4 10. Nxe4 dxe4 11. Qxe4 e5 12. Bg5 Nf6 $5 (12... f6 $2 13. Bd3 g6
14. Bh6 f5 15. Bxf8 Kxf8 16. Qe3 e4 17. c5 Nxc5 18. dxc5 Bxc5 19. Qc1 Be6 20.
Bc4 exf3 {1-0/Huebner,R-Gurevich,M/Munchen/1992/}) (12... Qe6 13. c5 Bc7 14.
Bd3 (14. Rfe1 h6 15. Bd3 f5 16. Qe2 Kh8 17. Bc4 Qe8 18. Bf4 Ba5 19. Nd2 Qd8 20.
dxe5 Nxc5 21. e6 Bxe6 22. Bxe6 Nd3 23. Be3 f4 24. Bd4 $17 {Kharlamov,
Vl-Bashkov,V/Czestochowa op (05)/1992/0-1 (29)}) 14... Qg6 $8 15. Qxg6 (15. Qe3
exd4 $1 16. Qxd4 Qh5 $10 {Vilela,J-Lugo,B/La Habana/1988/}) 15... hxg6 16. Rfe1
exd4 17. Be7 Re8 18. Bc4 Ne5 19. Nxe5 Bxe5 20. Rxe5 Be6 21. Rxe6 fxe6 {1-0/
Farago,I-Sehner,N/Budapest Elekes (05)/1991/}) (12... Qe8 13. c5 (13. Rae1 f5
14. Qc2 e4 15. Nd2 Qg6 16. f4 Nf6 17. c5 Bc7 18. Bxf6 Qxf6 19. Bc4+ Kh8 20. Nb3
Be6 21. Rd1 Rad8 22. Qc3 Rd7 23. Nd2 Ba5 24. b4 $17 {Dorosenko-Bat/Chisinau/
1993/0.5 (51)}) 13... Bc7 14. Qh4 (14. Bc4 exd4 (14... Kh8 15. Nxe5 Nxe5 16.
Rfe1 f5 17. Qe3 Be6 18. Bxe6 Ng4 19. Qh3 Bxh2+ 20. Kf1 Qg6 21. Be7 Rfe8 22. Bd7
Qf7 23. Bxe8 Qc4+ 24. Re2 {Cosma,I-Bets,A/Odoriescu Suiesc-C/1993/1-0 (40)})
15. Qxe8 Rxe8 16. Rae1 Rxe1 17. Rxe1 Nf8 18. Re8 Rb8 19. Bd8 Bf4 20. Ng5 g6 21.
Nxf7 Kg7 22. Nd6 Be6 23. Re7+ Kg8 24. Bc7 $16 {Raicevic,V-Barlov,D/Banja
Vrucica ch-YU (11)/1991/1-0 (26)}) 14... e4 15. Nd2 f6 16. Be3 f5 17. Bf4 Bxf4
18. Qxf4 Nf6 19. Nc4 Nd5 20. Qe5 Qg6 21. Nd6 Be6 22. Bc4 Nc7 23. Bxe6+ Nxe6 24.
Rfd1 $13 {Zagorskis,D-Pcola,P/Sala (07/4)/1993/0.5 (34)}) 13. Bxf6 gxf6 14.
dxe5 fxe5 15. c5 Bxc5 16. Bc4 Kg7 17. Nxe5 f6 18. Bd3 Rh8 19. Nc4 Qxe4 20. Bxe4
Rd8 21. Rac1 f5 22. Bf3 Kf6 23. a3 a5 24. Nxa5 Rxa5 25. b4 Bxf2+ 26. Rxf2 Rxa3
27. b5 1/2-1/2

[Event "Petrov Memorial op"]
[Site "St Petersburg"]
[Date "1996.??.??"]
[Round "3"]
[White "Krechetov, Alexandr"]
[Black "Galliamova, Alisa"]
[Result "1-0"]
[WhiteElo "2325"]
[BlackElo "2480"]
[Annotator "Ftacnik,L"]
[PlyCount "83"]
[EventDate "1996.02.??"]
[EventType "swiss"]
[EventRounds "9"]
[EventCountry "RUS"]
[SourceTitle "CBM 052"]
[Source "ChessBase"]
[SourceDate "1996.06.01"]
[SourceVersion "1"]
[SourceVersionDate "1996.06.01"]
[SourceQuality "1"]

1. Nf3 d5 2. c4 c6 3. d4 Nf6 4. Nc3 e6 5. e3 Nbd7 6. Qc2 Bd6 7. b3 O-O 8. Be2
b6 9. Bb2 Bb7 10. O-O Qe7 11. Rad1 Rac8 12. e4 e5 13. dxe5 Nxe5 14. exd5 cxd5
15. Qd2 Ne4 16. Qd4 Nxc3 17. Bxc3 f6 18. Rfe1 Qc7 19. Qh4 Ng6 20. Qg4 Rce8 21.
Bf1 Kh8 22. Ba1 Re4 23. Rxe4 dxe4 24. Qe6 Rd8 25. Nd4 Qc5 26. Nf5 {[#]} Bxh2+
$2 (26... Bc8 $1 27. Qf7 (27. Rxd6 Bxe6 28. Rxd8+ Bg8 29. Nh6 Nf8 30. Nxg8 Kxg8
$17) 27... Bxf5 28. Rd5 (28. Bxf6 Rg8 29. Bd4 Qc8 30. Qxa7 $15) 28... Bxh2+ 29.
Kxh2 Rxd5 30. Qxd5 Qxd5 31. cxd5 $15) 27. Kxh2 Rxd1 28. Bxf6 $1 Qc7+ (28...
gxf6 $2 29. Qxf6+ Kg8 30. Nh6#) 29. g3 Nf8 (29... Qd7 30. Bxg7+ $18) 30. Qe8
Qc8 (30... Qc5 31. Qf7 Qxf2+ 32. Bg2 Qg1+ 33. Kh3 $18) 31. Bxg7+ Kg8 32. Ne7+ (
32. Qe5 $1 Qe6 (32... Kf7 33. Qf6+ Ke8 34. Qe7#) 33. Nh6+ Qxh6+ 34. Bxh6 $18)
32... Kxg7 33. Nxc8 Bxc8 34. Qxc8 Rxf1 35. Kg2 Rd1 36. Qc7+ Rd7 37. Qf4 Re7 38.
Qg5+ Ng6 39. Qf5 Nf8 40. Qc8 a5 41. Qf5 Ng6 42. Qd5 1-0

[Event "Corus"]
[Site "Wijk aan Zee"]
[Date "2002.01.27"]
[Round "13"]
[White "Kasimdzhanov, Rustam"]
[Black "Bareev, Evgeny"]
[Result "0-1"]
[WhiteElo "2695"]
[BlackElo "2707"]
[Annotator "Ftacnik,L"]
[PlyCount "66"]
[EventDate "2002.01.12"]
[EventType "tourn"]
[EventRounds "13"]
[EventCountry "NED"]
[EventCategory "18"]
[SourceTitle "CBM 087"]
[Source "ChessBase"]
[SourceDate "2002.03.21"]
[SourceVersion "1"]
[SourceVersionDate "2002.03.21"]
[SourceQuality "1"]

{[%mdl 2]} 1. d4 d5 2. c4 c6 3. Nc3 Nf6 4. e3 e6 5. Nf3 Nbd7 6. Qc2 Bd6 7. g4
$5 h6 8. Bd2 Qe7 9. Rg1 e5 10. cxd5 Nxd5 (10... cxd5 11. Nb5 e4 12. Nh4 Nb6 13.
Nxd6+ Qxd6 14. Qc5 $14) 11. Ne4 Bb4 {A new move in a known position, Bareev is
correctly swaping the dark squared bishops in order to minimize the danger.} (
11... exd4 12. Nxd6+ Qxd6 13. Qe4+ Ne7 14. Qxd4 Qxd4 15. Nxd4 Nf6 16. f3 g6 17.
e4 Nd7 18. Bc3 O-O 19. Nf5 $5 Nxf5 20. gxf5 Kh7 21. Bc4 $16 {Ostrowski,
L-Goldenberg,I/Melbourne/1993/}) (11... Bc7 12. O-O-O exd4 13. exd4 O-O 14. g5
Nb4 15. Nf6+ $1 Nxf6 16. Bxb4 Qxb4 17. gxf6 g5 18. h4 $1 g4 19. Bc4 Kh8 20. Ng5
$1 hxg5 21. hxg5 Bh2 22. Rh1 Qd6 23. g6 Qf4+ 24. Rd2 Be6 {Krivoshey,
S-Sretenskij,N/Moscow/1994/ 1-0}) 12. O-O-O exd4 13. Nxd4 (13. exd4 N7f6 $15)
13... Bxd2+ 14. Rxd2 g6 15. Bc4 Nb4 16. Qb3 $6 (16. Qc3 Qxe4 (16... O-O $2 17.
Nf5 $1 Qe5 (17... gxf5 18. gxf5+) 18. Rxd7 Qxc3+ 19. bxc3 Bxd7 20. Nf6+ Kh8 21.
Nxd7 Rfd8 22. Ne5 $18) 17. Qxb4 c5 18. Nb5 $1 cxb4 (18... O-O $2 19. Bxf7+) 19.
Nd6+ Ke7 20. Nxe4 Ne5 21. Be2 Be6 $13) 16... O-O 17. Nf5 $6 {[%mdl 256] It is
difficult to guess what went on in Kasimdzhanov's head when he decided for
this aggressive sacrifice, but the defender has enough meassures for slowing
down the attack.} (17. f3 c5 $1 (17... Ne5 $6 18. Nf5 $1 gxf5 19. gxf5+ Kh7 20.
f6 Nxa2+ 21. Qxa2 Qb4 22. Nd6 $16) (17... b5 $6 18. Be2 Nc5 (18... Ne5 19. Nf5)
19. Nxc5 Qxc5+ 20. Kb1 $14) 18. Ne2 Ne5 $15) (17. Nc3 Nc5 $1 18. Qd1 (18. Qxb4
$2 Nd3+) (18. Qa3 a5) 18... b5 $11) 17... gxf5 18. gxf5+ Kh7 19. Nd6 (19. f6 $5
Qxe4 20. Qxb4 c5 $1 (20... Qe5 $2 21. Bd3+ Kh8 22. Qh4 Qxf6 23. Qe4 $18) (20...
Kh8 $2 21. Rd4 Qe5 22. Rh4 Qxf6 23. Qe7 $1) (20... a5 $5 21. Qc3 Qe5 22. Rg7+
Kh8 23. Rxd7 Qxc3+ 24. bxc3 Bxd7 25. Bd3 $11) 21. Qc3 Kh8 $17) 19... Nd5 20.
Bxd5 cxd5 21. Qxd5 (21. Rxd5 Nf6 22. Rd4 Qe5 $17) 21... Nf6 22. Qd4 Bd7 23. e4
Rg8 $1 24. Rgd1 (24. Rxg8 Rxg8 25. e5 Ne8 26. f6 Qe6 27. Nxb7 Bc8 $17) 24...
Bc6 25. e5 Ne8 26. Nc4 (26. f6 Qe6 $19) 26... Rc8 $1 {Bareev managed to occupy
all important files and white's compensation is dissipating.} 27. Kb1 (27. Rc2
Rg2 $19) 27... Qg5 28. Ne3 Ng7 29. h4 (29. f4 Qh5 30. Qd3 Rgd8 31. Qf1 Be4+ 32.
Ka1 Rxd2 33. Rxd2 Qf3 $19) 29... Qh5 30. Qf4 (30. f6 Ne6 31. Qxa7 Qxe5 $19)
30... Qf3 31. Rd4 (31. Qg4 Nxf5 $1 32. Qxf5+ Qxf5+ 33. Nxf5 Be4+ $19) 31...
Qxf4 32. Rxf4 Rce8 33. f6 Nh5 0-1

[Event "Lyon zt"]
[Site "Lyon"]
[Date "1990.??.??"]
[Round "7"]
[White "Van der Sterren, Paul"]
[Black "Kuijf, Marinus"]
[Result "1-0"]
[WhiteElo "2515"]
[BlackElo "2490"]
[Annotator "Ftacnik,L"]
[PlyCount "83"]
[EventDate "1990.04.??"]
[EventType "tourn"]
[EventRounds "13"]
[EventCountry "FRA"]
[EventCategory "8"]
[SourceTitle "CBM 018"]
[Source "ChessBase"]
[SourceDate "1990.10.01"]
[SourceVersion "1"]
[SourceVersionDate "1990.10.01"]
[SourceQuality "1"]

1. d4 d5 2. c4 c6 3. Nf3 Nf6 4. Nc3 e6 5. e3 Nbd7 6. Qc2 Bd6 7. Be2 O-O 8. O-O
Re8 9. b3 a6 (9... dxc4 10. Bxc4 h6 11. Rd1 Qe7 12. Bb2 a6 13. Ne4 Nxe4 14.
Qxe4 Nf6 15. Qh4 Ba3 {Portisch,L-Kuif,M/Wijk aan Zee/1990/ ->CBM 17}) 10. Bb2
dxc4 11. bxc4 c5 (11... e5 12. Rad1 Qe7 13. Rfe1) 12. Rad1 cxd4 13. exd4 Qc7
14. Bd3 Nf8 (14... e5 15. Nd5 Nxd5 16. Bxh7+ Kh8 17. cxd5 g6 18. Bxg6 $40) 15.
Ne4 Nxe4 16. Bxe4 Bd7 17. c5 Be7 18. Ne5 Bb5 19. Rfe1 Red8 20. a4 (20. Re3 $5)
20... Bc6 21. Nxc6 bxc6 22. g3 h6 23. Bc1 Bg5 $1 24. Bxg5 hxg5 25. h3 (25. Qc1
g4 26. Qg5 f5) 25... Rab8 26. Qc4 a5 27. Qa6 Rbc8 28. Qe2 Rb8 $2 (28... Nd7 $1
29. Qh5 Nf6 30. Qxg5 Nxe4 31. Rxe4 Rd5 $14) 29. Qf3 Rb4 30. Bxc6 Rdxd4 31. Rxd4
Rxd4 32. Rc1 $1 Nh7 33. Qe3 Qd8 34. Bb5 g4 35. c6 Rd1+ 36. Kh2 Qd5 (36... Rxc1
37. Qxc1 Qc7 38. hxg4 $18) 37. Rxd1 Qxd1 38. c7 Qc2 39. Qb6 Ng5 40. Bc6 $1 Nf3+
41. Kg2 gxh3+ (41... Ne1+ 42. Kh1) 42. Kxh3 {Ftacnik,L} 1-0